Statistics for Tottenham Hotspur Goalkeeper By Year

Click here to take the quiz!

General Stats

  • This quiz has been taken 417 times
    (18 since last reset)
  • The average score is 29 of 73

Answer Stats

SeasonGoalkeeper% Correct
2021-22Hugo Lloris
100%
2020-21Hugo Lloris
100%
2019-20Hugo Lloris
100%
2018-19Hugo Lloris
100%
2017-18Hugo Lloris
100%
2016-17Hugo Lloris
100%
2015-16Hugo Lloris
100%
2014-15Hugo Lloris
100%
2013-14Hugo Lloris
100%
2012-13Hugo Lloris
100%
2022-23Hugo Lloris
100%
2023-24Guglielmo Vicario
94%
2011-12Brad Friedel
63%
2006-07Paul Robinson
44%
2004-05Paul Robinson
44%
2005-06Paul Robinson
44%
2007-08Paul Robinson
44%
2008-09Heurelho Gomes
38%
2009-10Heurelho Gomes
38%
2010-11Heurelho Gomes
38%
1999-00Ian Walker
38%
1998-99Ian Walker
38%
1997-98Ian Walker
38%
1996-97Ian Walker
38%
1995-96Ian Walker
38%
1994-95Ian Walker
38%
1969-70Pat Jennings
38%
1974-75Pat Jennings
38%
1973-74Pat Jennings
38%
1972-73Pat Jennings
38%
1971-72Pat Jennings
38%
1970-71Pat Jennings
38%
1965-66Pat Jennings
38%
1968-69Pat Jennings
38%
1967-68Pat Jennings
38%
1966-67Pat Jennings
38%
1975-76Pat Jennings
38%
1964-65Pat Jennings
38%
1976-77Pat Jennings
38%
2002-03Kasey Keller
31%
2003-04Kasey Keller
31%
1986-87Ray Clemence
31%
1985-86Ray Clemence
31%
1984-85Ray Clemence
31%
1983-84Ray Clemence
31%
1982-83Ray Clemence
31%
1981-82Ray Clemence
31%
1991-92Erik Thorstvedt
25%
1989-90Erik Thorstvedt
25%
1990-91Erik Thorstvedt
25%
1992-93Erik Thorstvedt
25%
1993-94Erik Thorstvedt
25%
2000-01Neil Sullivan
19%
2001-02Neil Sullivan
19%
1963-64Billy Brown
13%
1962-63Billy Brown
13%
1961-62Billy Brown
13%
1960-61Billy Brown
13%
1959-60Billy Brown
13%
1988-89Bobby Mimms
13%
1953-54Ted Ditchburn
13%
1952-53Ted Ditchburn
13%
1951-52Ted Ditchburn
13%
1956-57Ted Ditchburn
13%
1950-51Ted Ditchburn
13%
1957-58Ted Ditchburn
13%
1987-88Tony Parks
13%
1979-80Barry Daines
6%
1980-81Barry Daines
6%
1958-59John Hollowbread
6%
1978-79Mark Kendall
6%
1955-56Ron Reynolds
6%
1954-55Ron Reynolds
6%

Score Distribution

Percentile by Number Answered

Percent of People with Each Score

Your Score History

You have not taken this quiz since the last reset